<?xml version='1.0' encoding='UTF-8'?>
  <record xmlns="http://www.loc.gov/MARC21/slim">
    <leader>00000cam a22000007i 4500</leader>
    <controlfield tag="001">ocm65310516</controlfield>
    <controlfield tag="003">OCoLC</controlfield>
    <controlfield tag="005">20251216212149.8</controlfield>
    <controlfield tag="008">900627s1583    ne            000 0 dut d</controlfield>
    <datafield tag="040" ind1=" " ind2=" ">
      <subfield code="a">NLGGC</subfield>
      <subfield code="b">dut</subfield>
      <subfield code="e">fobidrtb</subfield>
      <subfield code="c">NLGGC</subfield>
      <subfield code="d">OCLCL</subfield>
      <subfield code="d">OCLCQ</subfield>
    </datafield>
    <datafield tag="029" ind1="0" ind2=" ">
      <subfield code="a">NLGGC</subfield>
      <subfield code="b">063457709</subfield>
    </datafield>
    <datafield tag="035" ind1=" " ind2=" ">
      <subfield code="a">(OCoLC)65310516</subfield>
    </datafield>
    <datafield tag="245" ind1="0" ind2="0">
      <subfield code="a">Ordonnantie ende instructie op de styl ende manieren van procederen, diemen voorts aen sal houden voor den Hove van Utrecht, soo in civile als crimineele saecken.</subfield>
    </datafield>
    <datafield tag="260" ind1=" " ind2=" ">
      <subfield code="a">T'Utrecht :</subfield>
      <subfield code="b">by Coenraet Henricx,</subfield>
      <subfield code="c">1583.</subfield>
    </datafield>
    <datafield tag="300" ind1=" " ind2=" ">
      <subfield code="a">196, IV p. ;</subfield>
      <subfield code="c">20 cm (4-o)</subfield>
    </datafield>
    <datafield tag="336" ind1=" " ind2=" ">
      <subfield code="a">tekst</subfield>
      <subfield code="b">txt</subfield>
      <subfield code="2">rdacontent/dut</subfield>
    </datafield>
    <datafield tag="337" ind1=" " ind2=" ">
      <subfield code="a">zonder medium</subfield>
      <subfield code="b">n</subfield>
      <subfield code="2">rdamedia/dut</subfield>
    </datafield>
    <datafield tag="338" ind1=" " ind2=" ">
      <subfield code="a">band</subfield>
      <subfield code="b">nc</subfield>
      <subfield code="2">rdacarrier/dut</subfield>
    </datafield>
    <datafield tag="500" ind1=" " ind2=" ">
      <subfield code="a">Jaar van uitg. ontleend aan dagtekening privilege.</subfield>
    </datafield>
    <datafield tag="500" ind1=" " ind2=" ">
      <subfield code="a">Blz. 185-196 abusievelijk genummerd 181-192.</subfield>
    </datafield>
    <datafield tag="530" ind1=" " ind2=" ">
      <subfield code="a">Titel is geselecteerd voor digitalisering voor de Universiteit van Leiden in het kader van het Google Books-project.</subfield>
    </datafield>
    <datafield tag="758" ind1=" " ind2=" ">
      <subfield code="a">Ordonnantie ende instructie op de styl ende manieren van procederen, diemen voorts aen sal houden voor den Hove van Utrecht, soo in civile als crimineele saecken (Text)</subfield>
      <subfield code="1">https://id.oclc.org/worldcat/entity/E39PD3wqCfRg7BJt8xFYbfWTRC</subfield>
      <subfield code="4">https://id.oclc.org/worldcat/ontology/hasWork</subfield>
    </datafield>
    <datafield tag="776" ind1="0" ind2=" ">
      <subfield code="t">Ordonnantie ende instructie op de styl ende manieren van procederen, diemen voorts aen sal houden voor den Hove van Utrecht, soo in civile als crimineele saecken</subfield>
      <subfield code="w">(NL-LeOCL)411396838</subfield>
    </datafield>
    <datafield tag="776" ind1="0" ind2=" ">
      <subfield code="t">Ordonnantie ende instructie op de styl ende manieren van procederen, diemen voorts aen sal houden voor den Hove van Utrecht, soo in civile als crimineele saecken</subfield>
      <subfield code="w">(NL-LeOCL)411396846</subfield>
    </datafield>
    <datafield tag="776" ind1="0" ind2=" ">
      <subfield code="t">Ordonnantie ende instructie op de styl ende manieren van procederen, diemen voorts aen sal houden voor den Hove van Utrecht, soo in civile als crimineele saecken</subfield>
      <subfield code="w">(NL-LeOCL)431456224</subfield>
    </datafield>
    <datafield tag="856" ind1="4" ind2="2">
      <subfield code="y">Short Title Catalogue, Netherlands</subfield>
      <subfield code="u">http://resolver.kb.nl/resolve?urn=STCN:83366767X:record</subfield>
      <subfield code="z">zie de oorspronkelijke beschrijving bij de STCN voor mogelijk overige vindplaatsen</subfield>
      <subfield code="7">0</subfield>
    </datafield>
    <datafield tag="936" ind1=" " ind2=" ">
      <subfield code="a">BATCHLOAD</subfield>
    </datafield>
  </record>